Book to Movie Word Ladder - Statistics

General Stats
  • This quiz has been taken 393 times
    356 since last reset
  • The average score is 19 of 21
Answer Stats
Hint Answer % Correct
Collection of paper and words that tell a story Book
99%
Middle of the day Noon
98%
Large object associated with the night sky Moon
97%
Singular male (remove one letter) Man
95%
Not dead Live
94%
To really like something, typically your family Love
94%
Synonym for “film” (add one letter) Movie
94%
Makes up the path of a train Rail
94%
Liquid precipitation Rain
94%
To have run (remove one letter) Ran
94%
To change location Move
93%
Synonym for “corner” Nook
93%
Bee’s nest Hive
92%
Primary (add one letter) Main
92%
To complain Moan
92%
To feel hurt Pain
92%
A bucket Pail
90%
To own something Have
89%
Toyota SUV RAV
82%
A lively party (add one letter) Rave
82%
To walk without a destination Rove
74%
No matching quizzes found
Score Distribution
Percent of People with Each Score
Percentile by Number Answered
Your Score History
You have not taken this quiz since the last reset